000 00482nam a2200145Ia 4500
003 IN-BaIIA
008 211028s9999 xx 000 0 eng d
040 _cIIA Library
080 _a01:520.2
_bPUJ
110 _aInstituto y Observatorio de Marina
_9776
245 0 _aCatalogo de la bibliotaca del instituto y observatorio de Merina 1888
_cInstituto y Observatorio de Marina
260 _aSan Fernando
_bInstituto y Observatorio de Marina
_c1899
650 _aCatalogue
_9777
942 _cBK
999 _c361
_d361